| 000 -LEADER |
| fixed length control field |
00786cam a2200217Ia 4500 |
| 020 ## - INTERNATIONAL STANDARD BOOK NUMBER |
| ISBN |
9789251071878 |
| 020 ## - INTERNATIONAL STANDARD BOOK NUMBER |
| ISBN |
925107187X |
| 040 ## - CATALOGING SOURCE |
| Transcribing agency |
UAT |
| 082 ## - DEWEY DECIMAL CLASSIFICATION NUMBER |
| Classification number |
631 PLA 2012 A036 Or. |
| 245 00 - TITLE STATEMENT |
| Title |
Soil organic carbon accumulation and greenhouse gas emission reductions from conservation agriculture : |
| Remainder of title |
a literature review / |
| 260 ## - PUBLICATION, DISTRIBUTION, ETC. (IMPRINT) |
| Place of publication |
Rome : |
| Name of publisher |
Plant Production and Protection Division, Food and Agriculture Organization of the United Nations, |
| Year of publication |
2012. |
| 300 ## - PHYSICAL DESCRIPTION |
| Number of Pages |
x, 89 p. : |
| Other physical details |
col. map ; |
| Dimensions |
25 cm. |
| 490 0# - SERIES STATEMENT |
| Series statement |
Integrated crop management ; |
| 650 #0 - SUBJECT ADDED ENTRY--TOPICAL TERM |
| Topical Term |
Soils |
| 650 #0 - SUBJECT ADDED ENTRY--TOPICAL TERM |
| Topical Term |
Carbon sequestration. |
| 650 #0 - SUBJECT ADDED ENTRY--TOPICAL TERM |
| Topical Term |
Tillage. |
| 650 #0 - SUBJECT ADDED ENTRY--TOPICAL TERM |
| Topical Term |
Agricultural conservation. |
| 700 1# - ADDED ENTRY--PERSONAL NAME |
| Personal name |
Corsi, Sandra. |
| 710 2# - ADDED ENTRY--CORPORATE NAME |
| Corporate name or jurisdiction name as entry element |
Food and Agriculture Organization of the United Nations. |
| 942 ## - ADDED ENTRY ELEMENTS (KOHA) |
| Koha item type |
សៀវភៅភាសាអង់គ្លេស |
| 952 ## - LOCATION AND ITEM INFORMATION (KOHA) |
| Withdrawn status [LOCAL, KOHA] |
0 |